ELECTROMECHANICAL COMPONENTS FOR ELECTRONIC EQUIPMENT (Record no. 580915)

000 -LEADER
fixed length control field 00263nam a22001097a 4500
082 ## - DEWEY DECIMAL CLASSIFICATION NUMBER
Classification number 621.381 ELE'S
100 ## - MAIN ENTRY--PERSONAL NAME
Personal name SIEMENS
9 (RLIN) 75515
245 ## - TITLE STATEMENT
Title ELECTROMECHANICAL COMPONENTS FOR ELECTRONIC EQUIPMENT
260 ## - PUBLICATION, DISTRIBUTION, ETC.
Place of publication, distribution, etc. USA
Name of publisher, distributor, etc. SIEMENS
Date of publication, distribution, etc. 1981
300 ## - PHYSICAL DESCRIPTION
Extent 523P
942 ## - ADDED ENTRY ELEMENTS (KOHA)
Koha item type Book
Holdings
Withdrawn status Lost status Damaged status Not for loan Permanent Location Current Location Shelving location Date acquired Total Checkouts Full call number Barcode Date last seen Price effective from Koha item type
        College of Electrical & Mechanical Engineering (CEME) College of Electrical & Mechanical Engineering (CEME) General Stacks 05/18/2017   621.381 ELE'S CEME-14183 06/28/2021 06/28/2021 Book
© 2023 Central Library, National University of Sciences and Technology. All Rights Reserved.